Lamentationes Jeremiae Prophetae partitura /

Hlavní autor: Zelenka, Jan Dismas, 1679-1745
Další autoři: Bělský, Vratislav, 1924-2003
Jazyk: Nelze použít, není lingvistický obsah
Vydáno: Praha : Artia, 1969
Edice: Musica Antiqua Bohemica
Fyzický popis: 1 partitura (91 s.)
Hudebniny Hudebniny
Uloženo v:
LEADER 00920ncm a22002412a 4500
001 001219565
003 CZ BrMZK
005 20120604124145.0
007 qu
008 120207s1969 xr |||||||||||||||||zxx d
040 |a BOA001  |b cze 
072 7 |a 785  |x Instrumentální hudba. Symfonická hudba. Hudba pro více nástrojů  |2 Konspekt  |9 9 
100 1 |a Zelenka, Jan Dismas,  |d 1679-1745  |7 jn19990010036  |4 cmp 
245 1 0 |a Lamentationes Jeremiae Prophetae  |h [hudebnina] :  |b partitura /  |c Jan Dismas Zelenka ; ed. Vratislav Bělský 
260 |a Praha :  |b Artia,  |c 1969 
300 |a 1 partitura (91 s.) 
490 1 |a Musica Antiqua Bohemica. Seria II ;  |v no. 4 
700 1 |a Bělský, Vratislav,  |d 1924-2003  |7 js20030721005  |4 edt 
830 0 |a Musica Antiqua Bohemica 
910 |a BOA001  |b Mus4-0637.857 
990 |a MU 
991 |b 201206 
996 6 |b 2619091990  |c Mus4-0637.857  |l MZK  |r Sklad / do 1 hodiny  |n 0  |w 001253406  |u 000010  |a 1  |e BOA001  |j MZK50  |s P